Estado, clases y masas: la doble lógica sociopolítica en sociedades heterogéneas

Đã lưu trong:
Chi tiết về thư mục
Tác giả chính: Zermeño, Sergio
Định dạng: Texto
Được phát hành: Quito :
Các nhãn: Thêm thẻ
Không có thẻ, Là người đầu tiên thẻ bản ghi này!

MARC

LEADER 00000 a a2200000 04500
001 16144
003
040
090 |a 012700  
100 |a Zermeño, Sergio  
245 |a Estado, clases y masas: la doble lógica sociopolítica en sociedades heterogéneas  
260 |a Quito :  
300 |a 52 p.  
999 |c 11075  |d 11075